Republicanos españoles en el Gulag (1939-1956) / (Record no. 179146)
[ view plain ]
| 000 -LEADER | |
|---|---|
| campo de control de longitud fija | 01006nam a2200289 4500 |
| 001 - NÚMERO DE CONTROL | |
| campo de control | 179146 |
| 003 - IDENTIFICADOR DE NÚMERO DE CONTROL | |
| campo de control | ES-MaACL |
| 005 - FECHA Y HORA DE LA ÚLTIMA TRANSACCIÓN | |
| campo de control | 20230919113329.0 |
| 008 - DATOS DE LONGITUD FIJA--INFORMACIÓN GENERAL | |
| campo de control de longitud fija | 110919s20082009sp |||| |dspa d |
| 020 ## - NÚMERO INTERNACIONAL ESTÁNDAR DEL LIBRO | |
| Número Internacional Estándar del Libro | 978-84-608-0826-8 |
| 080 ## - NÚMERO DE LA CLASIFICACIÓN DECIMAL UNIVERSAL | |
| Número de la Clasificación Decimal Universal | 929-054.73(=1.460:47+57) |
| 080 ## - NÚMERO DE LA CLASIFICACIÓN DECIMAL UNIVERSAL | |
| Número de la Clasificación Decimal Universal | 343.819.5(47+57) |
| 100 1# - ENTRADA PRINCIPAL--NOMBRE DE PERSONA | |
| Nombre de persona | Iordache, Luiza. |
| 9 (RLIN) | 147973 |
| 245 10 - MENCIÓN DEL TÍTULO | |
| Título | Republicanos españoles en el Gulag (1939-1956) / |
| Mención de responsabilidad, etc. | Luiza Iordache. |
| 260 ## - PUBLICACIÓN, DISTRIBUCIÓN, ETC. | |
| Lugar de publicación, distribución, etc. | Barcelona : |
| Nombre del editor, distribuidor, etc. | Institut de Ciències Polítiques i Socials, |
| Fecha de publicación, distribución, etc. | 2008 |
| -- | ,[i.e. 2009] |
| 300 ## - DESCRIPCIÓN FÍSICA | |
| Extensión | 142 p. ; |
| Dimensiones | 21 cm. |
| 490 1# - MENCIÓN DE SERIE | |
| Mención de serie | Col·lecció grana ; |
| Designación de volumen o secuencia | 12 |
| 504 ## - NOTA DE BIBLIOGRAFÍA, ETC. | |
| Nota de bibliografía, etc. | Bibliografía: p. 117-125. |
| 586 ## - NOTA DE PREMIOS | |
| Nota de premios | Premi Memòria Doctorat, 2007 |
| 650 ## - PUNTO DE ACCESO ADICIONAL DE MATERIA--TÉRMINO DE MATERIA | |
| Término de materia o nombre geográfico como elemento de entrada | Exiliados españoles- |
| Subdivisión geográfica | URSS. |
| 9 (RLIN) | 12676 |
| 650 07 - PUNTO DE ACCESO ADICIONAL DE MATERIA--TÉRMINO DE MATERIA | |
| Término de materia o nombre geográfico como elemento de entrada | Campos de concentración- |
| Subdivisión geográfica | URSS. |
| 9 (RLIN) | 10714 |
| 830 0# - PUNTO DE ACCESO ADICIONAL DE SERIE-TÍTULO UNIFORME | |
| Título uniforme | Col·lecció grana ; |
| Designación de volumen o secuencia | 12 |
| 9 (RLIN) | 224409 |
| 852 ## - LOCALIZACIÓN | |
| Ubicación | ES-MaACL |
| itemnumber | 186019 |
| Sublocalización o colección | R.146001 |
| Número de control de estantería | A-11528 |
| Signatura antigua | Olim: N-5432 |
| Ubicación en estantería | Depósito 1 |
| 942 ## - ELEMENTOS DE ENTRADA SECUNDARIOS (KOHA) | |
| Fuente del sistema de clasificación o colocación | Clasificación decimal universal |
| Tipo de ítem Koha | Libro impreso |
| Estatus retirado | Estado de pérdida | Fuente del sistema de clasificación o colocación | Estado de daño | No para préstamo | Biblioteca de origen | Biblioteca actual | Ubicación en estantería | Fecha de adquisición | Fuente de adquisición | Total de préstamos | Signatura topográfica completa | Código de barras | Visto por última vez | Precio de reemplazo | Tipo de ítem Koha |
|---|---|---|---|---|---|---|---|---|---|---|---|---|---|---|---|
| Clasificación decimal universal | Biblioteca del Ateneo de Madrid | Biblioteca del Ateneo de Madrid | Depósito 1 | 19/09/2011 | Compra | A-11528 | 1188186 | 23/02/2023 | 23/02/2023 | Libro impreso |
